Firms have excess of space (Record no. 117029)
[ view plain ]
| 000 -LEADER | |
|---|---|
| fixed length control field | 01145cam a2200229 4500 |
| 001 - CONTROL NUMBER | |
| control field | WB4007-13 |
| 008 - FIXED-LENGTH DATA ELEMENTS--GENERAL INFORMATION | |
| fixed length control field | 040217n2004 000 0 eng u |
| 035 ## - SYSTEM CONTROL NUMBER | |
| System control number | (Sirsi) u125168 |
| 245 ## - TITLE STATEMENT | |
| Title | Firms have excess of space |
| 260 ## - PUBLICATION, DISTRIBUTION, ETC. | |
| Date of publication, distribution, etc. | 2004 |
| 490 ## - SERIES STATEMENT | |
| Series statement | Estates Gazette |
| Volume/sequential designation | (0407) 14 February 2004, 28(1) |
| 520 ## - SUMMARY, ETC. | |
| Summary, etc. | The "Corporate occupiers report 2003" by FraserCRE reveals that 62% of firms have excess space and wish to dispose of it. The ruling in the "Homebase Ltd and another v Allied Dunbar Assurance plc" ([2002] EWCA Civil 666, Abs65740) had also affected one in five businesses' plans to sublet. The court had ruled in favour of Allied Dunbar, stating that a tenant could not sublet at below the original passing rate without the landlord's consent. The report is available to download at http://www.frasercre.com/PublicationText/28. |
| 590 ## - LOCAL NOTE (RLIN) | |
| Local note | WB |
| 590 ## - LOCAL NOTE (RLIN) | |
| Local note | WB |
| 650 ## - SUBJECT ADDED ENTRY--TOPICAL TERM | |
| Topical term or geographic name entry element | BUSINESSES |
| 650 ## - SUBJECT ADDED ENTRY--TOPICAL TERM | |
| Topical term or geographic name entry element | SUBLETTING |
| 650 ## - SUBJECT ADDED ENTRY--TOPICAL TERM | |
| Topical term or geographic name entry element | HOMEBASE LTD AND ANOTHER V ALLIED DUNBAR ASSURANCE PLC |
| 650 ## - SUBJECT ADDED ENTRY--TOPICAL TERM | |
| Topical term or geographic name entry element | PROPERTY PORTFOLIOS |
| 650 ## - SUBJECT ADDED ENTRY--TOPICAL TERM | |
| Topical term or geographic name entry element | LEASEHOLD PROPERTIES |
| 690 ## - LOCAL SUBJECT ADDED ENTRY--TOPICAL TERM (OCLC, RLIN) | |
| Topical term or geographic name as entry element | LANDLORD AND TENANT-BUSINESS TENANCIES |
| 942 ## - ADDED ENTRY ELEMENTS (KOHA) | |
| Suppress in OPAC | 0 |
| Withdrawn status | Lost status | Source of classification or shelving scheme | Damaged status | Not for loan | Home library | Current library | Shelving location | Date acquired | Total Checkouts | Full call number | Barcode | Date last seen | Copy number | Price effective from | Koha item type |
|---|---|---|---|---|---|---|---|---|---|---|---|---|---|---|---|
| Dewey Decimal Classification | London | London | News article | 17/02/2004 | WB4007-13 | 125168-1001 | 06/08/2019 | 1 | 06/08/2019 | News article |